| 000 | 01224cam a22003615a 4500 | ||
|---|---|---|---|
| 003 | EG-ScBUE | ||
| 005 | 20220314122610.0 | ||
| 008 | 110525s2000 nyu f 000 f eng d | ||
| 020 | _a0385498357 | ||
| 020 | _a9780385498357 | ||
| 040 |
_aEG-ScBUE _beng _erda _cEG-ScBUE _dEG-ScBUE |
||
| 041 | 1 |
_aeng _hara |
|
| 082 | 0 | 4 |
_a892.736 _bMAH _222 |
| 100 | 1 |
_aMahfuz, Najib, _d1911-2006, _eauthor. _924093 |
|
| 245 | 1 | 0 |
_aThe beggar ; _bThe thief and the dogs ; Autumn quail / _cNaguib Mahfouz. |
| 246 | 3 | 0 | _aThief and the dogs |
| 246 | 3 | 0 | _aAutumn quail |
| 264 | 1 |
_aNew York : _bAnchor Books, _c2000. |
|
| 300 |
_a467 pages ; _c20 cm |
||
| 336 |
_2rdacontent _atext _btxt |
||
| 337 |
_2rdamedia _aunmediated _bn |
||
| 338 |
_2rdacarrier _avolume _bnc |
||
| 546 | _aText in English ; translated from original Arabic. | ||
| 586 | _aWinner of the Nobel Prize in literature | ||
| 600 | 1 | 7 |
_aMaḥfūẓ, Najīb, _d1911-2006 _xTranslations into English. _2BUEsh _924093 |
| 650 | 7 |
_aArabic fiction _xTranslation into English. _2BUEsh |
|
| 651 | 7 |
_910675 _aEgypt _xFiction. _2BUEsh |
|
| 653 |
_cMay2011 _bARALIT |
||
| 655 |
_vReading book _934232 |
||
| 740 | _aThe Thief and the Dogs | ||
| 740 | _aAutumn Quail | ||
| 942 |
_2ddc _cBB |
||
| 999 |
_c15394 _d15394 |
||